00381nam a22001457a 450000500170000000800410001704100130005808200150007110000300008624500380011625000200015426000090017430000260018365000260020920231117103644.0231117b |||||||| |||| 00| 0 eng d aEnglish  a343.4 VAT  aVan Niekerk, J lEnglish  aVAT in Namibia / cJ Van Niekerk  aSecond Edition  c2005 b233 pages ; c22 cm.  aLegal practice bLaw